| 000 | 01253nam a2200229Ia 4500 | ||
|---|---|---|---|
| 001 | L200-51889 | ||
| 003 | IT-CnALBA | ||
| 008 | 170116s9999||||xx |||||||||||||| ||und|| | ||
| 040 |
_aIT-CnALBA _cIT-CnALBA |
||
| 041 | _aITALIANO | ||
| 100 | _aBONORA DON ANTONIO | ||
| 245 | 0 | _aGIOBBE, IL TORMENTO DI CREDERE. IL PROBLEMA E LO SCANDALO DEL DOLORE. | |
| 250 | _a1a ed. | ||
| 260 |
_aPADOVA - VC _bGREGORIANA LIBRERIA EDITRICE _c1990 [1° Ed.:1990 - Ed.Ling.Originale: 1990] |
||
| 300 | _a136 p. | ||
| 500 | _aAI SOFFERENTI SENZA COLPA PROPRIA. STORIA DI GIOBBE, LA PROVA. DOLORE E INCOMPRENSIONE. STORIA DI GIOBBE E RISPOSTA DI DIO. ORDINE DEL MONDO. LOTTA DIVINA CONTRO IL MALE. SENSO DI UNA VITA SOFFERENTE. LA SPERANZA DI GIOBBE. RADICI DELLA SPERANZA. LA CONSO | ||
| 501 | _aSocietà San Paolo EM - Piazza San Paolo, 14 - 12051 ALBA (CN) (non commercial uses only) ® Copyright 2017 | ||
| 520 | _aAI SOFFERENTI SENZA COLPA PROPRIA. STORIA DI GIOBBE, LA PROVA. DOLORE E INCOMPRENSIONE. STORIA DI GIOBBE E RISPOSTA DI DIO. ORDINE DEL MONDO. LOTTA DIVINA CONTRO IL MALE. SENSO DI UNA VITA SOFFERENTE. LA SPERANZA DI GIOBBE. RADICI DELLA SPERANZA. LA CONSO | ||
| 650 | _aRELIGIONE - RELIGIONE CRISTIANA | ||
| 942 | _cBK | ||
| 957 | _71 | ||
| 999 |
_a68493 _bNO _g Copie: 1 _c310771 _d310771 |
||